01141nam a2200337Ia 4500001000900000003000500009005001700014007000300031008004100034010001100075020001800086040001800104041001300122050002600135082002600161100002500187240005500212245011300267250001700380264003500397300007000432336002700502337002800529338002800557490002400585504002800609650005900637650003900696700004400735830002400779dia_3194CHAP20240419125101.0ta220117s1985 mx ad fr 001 0 spa d a173692 a968-451-766-1 cCHAPamxchpua1 aspaheng10aQA76.73.P2b.S26 1985 a005.26 bS26 19852201 aSand, Paul A.eautor10aAdvanced Pascal programming techniques.lEspañol10aPascal avanzado : btécnicas de programación /c Paul A. Sand ; traducción José María Troya Linero a1a edición aMéxico :bMcGraw-Hill,c1985 axv, 355 páginas :bilustraciones, gráficas, diagramas, tablas 2rdacontentatextobtxt 2rdamediaano mediadobn 2rdacarrieravolumenbnc1 aOsborne McGraw-Hill aIncluye bibliografías10aPASCAL (Lenguaje de programación para computadora) 10aPASCAL (Computer program language)1 aTroya Linero, José Maríaetraductor aOsborne McGraw-Hill